عرض عادي
عرض مارك
- Diagnosis, Laboratory
مدخل مصطلح موضوعي
001 - رقم الضبط
- حقل الضبط: 10882
003 - معرف رقم الضبط
- حقل الضبط: OSt
005 - تاريخ ووقت أخر عملية
- حقل الضبط: 20120412234015.0
008 - عناصر بيانات ثابتة الطول
- حقل تحكم ثابت الطول: 120412|||a|||||| | ||| d
040 ## - مصدر الفهرسة
- هيئة الفهرسة الأصلية: OSt
- وكالة الكتابة: OSt
150 ## - مدخل-- مصطلح تاريخي
- عنصر مدخل المصطلح الموضوعي او الاسم الجغرافي: Diagnosis, Laboratory
- تفريع شكلي: Handbooks, manuals, etc
670 ## - بيانات المصدر موجوده
- الاستشهاد بالمصدر: Work cat.: (OSt)22363: Pagana, Kathleen Deska, 1952- 10881, Mosby's diagnostic and laboratory test reference / , c2005
